Hoy de hoy de milnovecientos hoy (Record no. 131363)

MARC details
000 -LEADER
campo de control de longitud fija 00590nam a22001935 4500
001 - NÚMERO DE CONTROL
campo de control 131363
003 - IDENTIFICADOR DE NÚMERO DE CONTROL
campo de control ES-MaACL
005 - FECHA Y HORA DE LA ÚLTIMA TRANSACCIÓN
campo de control 20251011063132.0
007 - CAMPO FIJO DE DESCRIPCIÓN FÍSICA--INFORMACIÓN GENERAL
campo de control de longitud fija t|
008 - DATOS DE LONGITUD FIJA--INFORMACIÓN GENERAL
campo de control de longitud fija 070214s1980 sp r ||||1| spa d
100 0# - ENTRADA PRINCIPAL--NOMBRE DE PERSONA
Nombre de persona Antoniorrobles,
Fechas asociadas al nombre 1897-1983
9 (RLIN) 21991
245 10 - MENCIÓN DEL TÍTULO
Título Hoy de hoy de milnovecientos hoy
Resto del título : un juego con cuentos de Antoniorrobles /
Mención de responsabilidad, etc. Antonio Robles Soler.
260 ## - PUBLICACIÓN, DISTRIBUCIÓN, ETC.
Lugar de publicación, distribución, etc. Madrid :
Nombre del editor, distribuidor, etc. Vox,
Fecha de publicación, distribución, etc. 1980.
300 ## - DESCRIPCIÓN FÍSICA
Extensión 92 p. ;
Dimensiones 18 cm.
490 1# - MENCIÓN DE SERIE
Mención de serie La Farsa ;
Designación de volumen o secuencia 3
830 0# - PUNTO DE ACCESO ADICIONAL DE SERIE-TÍTULO UNIFORME
Título uniforme La Farsa ;
Designación de volumen o secuencia 3
9 (RLIN) 185863
852 4# - LOCALIZACIÓN
Ubicación ES-MaACL
Número de control de estantería A-10698
Sublocalización o colección R.100102
Holdings
Estatus retirado Estado de pérdida Estado de daño No para préstamo Biblioteca de origen Biblioteca actual Ubicación en estantería Fecha de adquisición Fuente de adquisición Total de préstamos Signatura topográfica completa Código de barras Visto por última vez Precio de reemplazo Tipo de ítem Koha
        Biblioteca del Ateneo de Madrid Biblioteca del Ateneo de Madrid Depósito 1 17/01/2008     A-10698 1136759 23/02/2023 23/02/2023 Libro impreso